000 00703nam a2200229Ia 4500
005 20231128105718.0
008 131103s9999 xx 000 0 und d
020 _a8185195420
_cRs.145
040 _aLoreto College
041 _aEnglish
082 _a396
_bJEH
100 _aJehangir,K.N.
245 _aMuslim women in West Bengal
_b socio - economic and political status
_cK.N.Jehangir
260 _aCalcutta
_bMinerva
_c1991
300 _axiii,160 p.
_b illus.,tables
504 _aIncludes bibliographical references and index
630 _aIndian (West Bengal) Women - Social Conditions
650 _aWomen - Social Conditions
651 _aWomen Studies
850 _aLCLIB
942 _cBK
999 _c11350
_d61829